000 01092 a2200181 4500
999 _c332243
_d332243
003 NUST
005 20171121123319.0
008 171121b xxu||||| |||| 00| 0 eng d
020 _a9839154095 (paperback)
020 _a9789839154092 (paperback)
040 _c0
082 _a297.272 ASA
100 1 _aAsad, Muhammad.
_91343
245 1 4 _aThe principles of state and government in islam /
_cMuhammad Asad.
260 _a[Kuala Lumpur] :
_bIslamic Book Trust,
_c1980.
300 _a111p. ;
_c22 cm.
500 _aP.B
520 _aThe very fact that none of the existing Muslim countries has so far achieved a form of government that could be termed genuinely Islamic, makes a discussion of the principles that underlie the constitution of Islamic state imperative. This book is an attempt to keep that discussion alive.
856 4 0 _3Amazon.com
_uhttp://www.amazon.com/exec/obidos/ASIN/9839154095/chopaconline-20
942 _cBK
_kIESE
_2ddc